Facing the elections
El documento analiza las elecciones en Honduras para elegir presidente, 128 miembros del Congreso Nacional y 289 puestos municipales, las cuales serían las tercera elecciones desde 1980 y evidencian la frágil democracia del país. El documento en detalle analiza los partidos políticos, el papel de lo...
Guardat en:
| Format: | Text |
|---|---|
| Idioma: | English |
| Matèries: | |
| Etiquetes: |
Afegir etiqueta
Sense etiquetes, Sigues el primer a etiquetar aquest registre!
|
MARC
| LEADER | 00000 a a2200000 04500 | ||
|---|---|---|---|
| 001 | 2678 | ||
| 003 | cru IIS | ||
| 005 | 20211123101151.0 | ||
| 008 | 211123s1989 -us|||p|r|||| 00| 0 eng d | ||
| 040 | |c cru IIS | ||
| 245 | |a Facing the elections | ||
| 500 | |a Colección Centroamérica | ||
| 520 | |a El documento analiza las elecciones en Honduras para elegir presidente, 128 miembros del Congreso Nacional y 289 puestos municipales, las cuales serían las tercera elecciones desde 1980 y evidencian la frágil democracia del país. El documento en detalle analiza los partidos políticos, el papel de los contras, las relaciones internacionales entre Estados Unidos y Centroamérica. Presenta además, algunas propuestas al cambio. HB/hmbq | ||
| 650 | |a ELECCIONES | ||
| 650 | |a PARTIDOS POLITICOS | ||
| 650 | |a ESTADO | ||
| 650 | |a GOBIERNO LOCAL | ||
| 650 | |a RELACIONES INTERNACIONALES | ||
| 773 | |g volumen 8, número 9; páginas 4-6 | ||
| 773 | 0 | |0 43106 |9 6359 |a Central America Research Institute |d California: Central America Research Institute 1982- |o 21706 |t Central America Bulletin / | |
| 942 | |2 ddc |c PP | ||
| 999 | |c 35357 |d 35357 | ||
